The work of the counselor / (Record no. 29080)
[ view plain ]
| 000 -LEADER | |
|---|---|
| fixed length control field | 00749nam a22002537a 4500 |
| 001 - CONTROL NUMBER | |
| control field | 29080 |
| 003 - CONTROL NUMBER IDENTIFIER | |
| rucl marc code | BD-RjUL |
| 005 - DATE AND TIME OF LATEST TRANSACTION | |
| control field | 20211209051353.0 |
| 008 - FIXED-LENGTH DATA ELEMENTS--GENERAL INFORMATION | |
| fixed length control field | 140402s1969 nyu||||| |||| 001 0 eng d |
| 020 ## - INTERNATIONAL STANDARD BOOK NUMBER | |
| International Standard Book Number | 0390889296 |
| 035 ## - SYSTEM CONTROL NUMBER | |
| System control number | (BD-RjUL)29165 |
| 040 ## - CATALOGING SOURCE | |
| Original cataloging agency | BD-RjUL |
| Language of cataloging | eng |
| Transcribing agency | BD-RjUL |
| Modifying agency | BD-RjUL |
| 041 ## - LANGUAGE CODE | |
| Language code of text/sound track or separate title | eng |
| 082 04 - DEWEY DECIMAL CLASSIFICATION NUMBER | |
| Edition number | 21 |
| Classification number | 361.0602373 |
| Author mark and year | TYW 1969 |
| 100 1# - MAIN ENTRY--PERSONAL NAME | |
| Personal name | Tyler, Leona E |
| 9 (RLIN) | 4137 |
| 245 14 - TITLE STATEMENT | |
| Title | The work of the counselor / |
| Statement of responsibility, etc. | by Leona E Tyler |
| 250 ## - EDITION STATEMENT | |
| Edition statement | 3rd ed. |
| 260 ## - PUBLICATION, DISTRIBUTION, ETC. (IMPRINT) | |
| Place of publication, distribution, etc. | New York : |
| Name of publisher, distributor, etc. | Appleton-Century-Crofts, |
| Date of publication, distribution, etc. | 1969. |
| 300 ## - PHYSICAL DESCRIPTION | |
| Pagination | xv, 274p. ; |
| Size | 23cm. |
| 490 #0 - SERIES STATEMENT | |
| Series statement | Century psychology series (Appleton-Century-Crofts, inc.) |
| 504 ## - BIBLIOGRAPHY, ETC. NOTE | |
| Bibliography, etc | Include index |
| 650 #0 - SUBJECT ADDED ENTRY--TOPICAL TERM | |
| Topical term or geographic name as entry element | Counseling |
| General subdivision | Vocational guidance. |
| 9 (RLIN) | 88826 |
| 942 ## - ADDED ENTRY ELEMENTS (KOHA) | |
| Source of classification or shelving scheme | Dewey Decimal Classification |
| Koha item type | Books |
| Lost status | Source of classification or shelving scheme | Damaged status | Not for loan | Collection code | Permanent Location | Current Location | Shelving location | Date acquired | Source of acquisition | Total Checkouts | Full call number | Date last seen | Copy number | Koha item type | Cost, normal purchase price |
|---|---|---|---|---|---|---|---|---|---|---|---|---|---|---|---|
| Dewey Decimal Classification | Not For Loan | Non-fiction | Central Library, University of Rajshahi | Central Library, University of Rajshahi | Reading Room | 27/02/1971 | Zeitlinger | 158 TYW 1969 | 02/04/2014 | C-1 | Books | ||||
| Dewey Decimal Classification | Non-fiction | Central Library, University of Rajshahi | Central Library, University of Rajshahi | 21/01/1974 | U. S. Govt. | 158 TYW 1969 | 03/04/2014 | C-3 | Books | ||||||
| Dewey Decimal Classification | Non-fiction | Central Library, University of Rajshahi | Central Library, University of Rajshahi | 21/01/1974 | U. S. Govt., Gift. | 361.0602373 TYW 1969 | 03/04/2014 | C-8 | Books | ||||||
| Dewey Decimal Classification | Non-fiction | Central Library, University of Rajshahi | Central Library, University of Rajshahi | 21/01/1974 | U. S. Govt., Gift. | 361.0602373 TYW 1969 | 03/04/2014 | C-10 | Books | ||||||
| Dewey Decimal Classification | Non-fiction | Central Library, University of Rajshahi | Central Library, University of Rajshahi | 21/01/1974 | U.S.Govt. Gift | 158 TYW 1969 | 09/04/2014 | C-5 | Books | 0.00 | |||||
| Dewey Decimal Classification | Non-fiction | Central Library, University of Rajshahi | Central Library, University of Rajshahi | 21/01/1974 | U.S.Govt. Gift | 158 TYW 1969 | 09/04/2014 | C-6 | Books | 0.00 | |||||
| Dewey Decimal Classification | Non-fiction | Central Library, University of Rajshahi | Central Library, University of Rajshahi | 10/12/1970 | Zeitlinger | 158 TYW 1969 | 09/04/2014 | C-4 | Books | 60.61 | |||||
| Dewey Decimal Classification | Non-fiction | Central Library, University of Rajshahi | Central Library, University of Rajshahi | 10/12/1970 | Zeitlinger | 158 TYW 1969 | 09/04/2014 | C-2 | Books | 60.61 | |||||
| Dewey Decimal Classification | Non-fiction | Central Library, University of Rajshahi | Central Library, University of Rajshahi | 21/01/1974 | USIS, Dhaka | 158 TYW 1969 | 16/04/2015 | C-7 | Books | ||||||
| Dewey Decimal Classification | Non-fiction | Central Library, University of Rajshahi | Central Library, University of Rajshahi | 21/01/1974 | USIS, Dhaka | 158 TYW 1969 | 16/04/2015 | C-9 | Books |